000 00334nam a2200145Ia 4500
005 20251222141954.0
008 251222s9999||||xx |||||||||||||| ||spa||
020 _a8484039951
082 _a292.13/P14
100 _aPadilla, M.R.
245 0 _aDioses Mitológicos
250 _a1ra.ed
264 _bEdimat Libros, S.A.
942 _cLIB
999 _c9774
_d9774